| 000 | 00488nam a2200169Ia 4500 | ||
|---|---|---|---|
| 005 | 20250423101732.0 | ||
| 008 | 250422s9999 xx 000 0 und d | ||
| 020 | _a0824207157 | ||
| 050 | _aPN 451 .W672/ | ||
| 245 | 0 | _aWorld authors, 1975-1980 | |
| 260 | _aNew York | ||
| 260 | _bThe W.H. Wilson Company | ||
| 260 | _c1985 | ||
| 300 | _a829 p | ||
| 650 | _aLiterature, Modern--20th century--Bio-bibliography. Literature, Modern--20th century--History and criticism. | ||
| 942 | _cBK | ||
| 999 |
_c37124 _d37124 |
||